000 00746nam a2200181Ia 4500
008 090124s9999 xx 000 0 und d
082 _b26975
_a1766
100 _aपरुळेकर आशा
245 _a स्त्री - सखी (घराघरातील प्रत्येकाची जिवलग)
250 _a1
260 _c1993
300 _a149
600 _aपरुळेकर आशा
630 _a स्त्री - सखी (घराघरातील प्रत्येकाची जिवलग)
700 _aपरुळेकर आशा
730 _a स्त्री - सखी (घराघरातील प्रत्येकाची जिवलग)
942 _cBOOK
999 _c140445
_d140445